| 000 | 00480cam a2200205u 4500 | ||
|---|---|---|---|
| 001 | 6538396 | ||
| 005 | 20180118083528.0 | ||
| 008 | 820115s1958 nyu 000 0 eng | ||
| 010 | _a 58004965 | ||
| 040 |
_aDLC _cCarP _dDLC |
||
| 041 | _aeng | ||
| 043 | _ae-uk-en | ||
| 080 | _a82 BAR | ||
| 082 | _a82 BAR | ||
| 100 | 1 | _a21 | |
| 101 | _aGJL | ||
| 245 | 1 | 2 | _aA collection of familiar quotations, |
| 906 |
_a0 _bcbc _cpremunv _du _encip _f19 _gy-gencatlg |
||
| 942 |
_2ddc _cBK |
||
| 999 |
_c40490 _d40490 |
||